000
00254 a2200109 4500
001
147553
040
_c
Escola São Tomás de Aquino
240
1
0
_a
O país sem música
_l
por
245
1
0
_a
O país sem música
697
_a
*LITERATURA INFANTIL
942
_c
BK
999
_c
147553
_d
147553